Highest Ranking Countries by Ease of Doing Business - Statistics

General Stats
  • This quiz has been taken 38 times
  • The average score is 14 of 20
Answer Stats
# Answer % Correct
8 United States
100%
7 United Kingdom
97%
17 Germany
89%
3 Denmark
86%
15 Australia
84%
13 Finland
84%
6 Norway
84%
9 Sweden
84%
20 Iceland
81%
1 New Zealand
81%
18 Ireland
78%
2 Singapore
76%
5 South Korea
70%
11 Taiwan
59%
19 Austria
57%
12 Estonia
51%
14 Latvia
51%
21 Lithuania
51%
16 Georgia
8%
10 Macedonia
3%
No matching quizzes found
Score Distribution
Percent of People with Each Score
Percentile by Number Answered
Your Score History
You have not taken this quiz